000
00434nam a2200133Ia 4500
008
100328s9999 xx 000 0 und d
082
_b
20736
100
_a
नवरे नी.शं.
245
_a
मराठी मेघदूत कथा
260
_b
अग्रणी संपादक
630
_a
मराठी मेघदूत कथा
730
_a
मराठी मेघदूत कथा
942
_c
BOOK
999
_c
514831
_d
514828